Problemy postrojenija sistem ponimanija reči

Gespeichert in:
Bibliographische Detailangaben
Format: Buch
Sprache:Russisch
Veröffentlicht: Moskva : Nauka, 1980
Schlagworte:
Tags: Tag hinzufügen
Keine Tags, Fügen Sie das erste Tag hinzu!

MARC

LEADER 00000nam a22000003a 4500
001 stu40892
005 20141122045654.7
008 930601s1980----xxr-----------------rus-d
040 |a STU  |b slo 
041 0 |a rus 
044 |a xxr 
080 |a 621.391 
245 |a Problemy postrojenija sistem ponimanija reči 
260 |a Moskva :  |b Nauka,  |c 1980 
300 |a 143 s 
650 7 |a kybernetika  |2 stusub 
650 7 |a inteligencia umelá  |2 stusub 
650 7 |a Systémy počítačové  |2 stusub 
996 |b 284M061987  |c M*1146-1  |l MMKN  |s A  |a 24  |w stu40892_0001 
996 |b E46655  |c E*46655  |l EE03  |s P  |a 0  |w stu40892_0002